| 000 | 00818nam1a22002171i 4500 | ||
|---|---|---|---|
| 001 | rc\2924920 | ||
| 005 | 20240723210913.0 | ||
| 035 | _a(NLR Aleph) 007074799 | ||
| 090 |
_a6416867 _c6416867 |
||
| 100 | _a20110816d1939 |||y0rusy50 ca | ||
| 101 | 0 | _arus | |
| 102 | _aRU | ||
| 105 | _ay z ||||| | ||
| 200 | 1 |
_aПрактическое руководство по обработке результатов горизонтальной городской съемки масштаба 1:500 _fР.И. Черняк |
|
| 210 |
_a[Москва] _cГеодез. контора Отдела гор. земель Моссовета _d[1939] |
||
| 215 | _d24 см | ||
| 700 | 1 |
_aЧерняк _bР.И. _gРувим Иделевич |
|
| 801 | 0 |
_aRU _bNLR _gpsbo |
|
| 801 | 1 |
_aRU _bELAR _2rusmarc |
|
| 852 |
_aNLR _j39-12/544 |
||
| 942 | _cBOOK | ||